Name the College Football Team: Sun Belt - Statistics

General Stats
  • This quiz has been taken 43 times
  • The average score is 12 of 14
Answer Stats
Picture Answer % Correct
Louisiana
100%
James Madison
97%
Appalachian State
92%
Louisiana-Monroe
92%
Old Dominion
92%
Troy
89%
Coastal Carolina
86%
Marshall
86%
Southern Miss
78%
Arkansas State
76%
Georgia Southern
76%
Texas State
73%
South Alabama
70%
Georgia State
65%
No matching quizzes found
Score Distribution
Percent of People with Each Score
Percentile by Number Answered
Your Score History
You have not taken this quiz